|
|
|
|
| LEADER |
01933nam a2200337 a 4500 |
| 001 |
15813 |
| 003 |
BD-DhAAL |
| 008 |
090330r20052002enka b 000 0 eng d |
| 010 |
|
|
|a 2006001916
|
| 020 |
|
|
|a 8175541881
|
| 040 |
|
|
|a DLC
|c DLC
|d BAKER
|d C#P
|d UKM
|d YDXCP
|d DLC
|d BD-DhAAL
|
| 082 |
0 |
0 |
|a 658.404
|2 22
|
| 100 |
1 |
|
|a Young, Trevor L.
|q (Trevor Leonard),
|d 1940-
|9 57259
|
| 245 |
1 |
0 |
|a Successful project management /
|c Trevor L Young.
|
| 250 |
|
|
|a First edition (Indian).
|
| 260 |
|
|
|a New Delhi :
|b Kogan Page India Private Limited,
|c 2002 [reprinted 2005].
|
| 300 |
|
|
|a iv, 155, [1] pages :
|b illustrations ;
|c 22 cm
|
| 490 |
0 |
|
|a Creating success
|
| 504 |
|
|
|a Includes bibliographical references (pages [159]).
|
| 526 |
|
|
|a BBS
|x Mahmudul Haq
Faculty member of BRAC Business School
Course Title and No. : N/A
|
| 541 |
1 |
|
|a Law Publishers
|e 15813, 15814, 15815
|
| 650 |
|
0 |
|a Project management.
|
| 650 |
|
0 |
|a Time management.
|
| 830 |
|
|
|a Creating success
|
| 852 |
4 |
|
|a Ayesha Abed Library
|c General Stacks
|
| 942 |
|
|
|2 ddc
|c BK
|
| 999 |
|
|
|c 7319
|d 7319
|
| 952 |
|
|
|0 0
|1 0
|2 ddc
|4 0
|6 658_404000000000000_YOU_2005
|7 0
|9 7769
|a BRACUL
|b BRACUL
|c GEN
|d 2010-02-03
|l 1
|m 12
|o 658.404 YOU
|p 3010015814
|r 2013-11-07
|s 2013-05-19
|t 2
|w 2010-02-03
|y BK
|x Requisitioned by Mahmudul Haq (Faculty member of BBS) ; USD 36.63
|
| 952 |
|
|
|0 0
|1 0
|2 ddc
|4 0
|6 658_404000000000000_YOU_2005
|7 0
|9 7770
|a BRACUL
|b BRACUL
|c GEN
|d 2010-02-03
|l 6
|m 42
|o 658.404 YOU
|p 3010015815
|r 2012-01-12
|s 2011-11-03
|t 3
|w 2010-02-03
|y BK
|x Requisitioned by Mahmudul Haq (Faculty member of BBS) ; USD 36.63
|
| 952 |
|
|
|0 0
|1 0
|2 ddc
|4 0
|6 658_404000000000000_YOU_2005
|7 0
|9 16292
|a BRACUL
|b BRACUL
|c GEN
|d 2011-05-05
|l 1
|m 5
|o 658.404 YOU
|p 3010015813
|r 2014-01-18
|s 2013-12-14
|t 1
|w 2011-05-05
|y BK
|x Requisitioned by Mahmudul Haq (Faculty member of BBS) ; USD 36.63
|
| 952 |
|
|
|0 0
|1 0
|2 ddc
|4 0
|6 658_400000000000000_04_YOU
|7 0
|9 43301
|a SCL
|b SCL
|c GEN
|d 2006-08-08
|g 280.00
|l 0
|o 658.404 YOU
|p 3020006647
|r 2014-07-20
|t 4
|w 2014-07-20
|y BK
|